5HLuxD.jpg

KING HENRY VIII SENIOR AND PRIMARY SCHOOL LIBRARY OPAC

KOALAS (Record no. 4132)

000 -LEADER
fixed length control field 00276nam a22001097a 4500
008 - FIXED-LENGTH DATA ELEMENTS--GENERAL INFORMATION
fixed length control field 250122b ||||| |||| 00| 0 eng d
020 ## - INTERNATIONAL STANDARD BOOK NUMBER
International Standard Book Number 9781628320442
082 ## - DEWEY DECIMAL CLASSIFICATION NUMBER
Classification number 599 RIG
100 ## - MAIN ENTRY--PERSONAL NAME
Personal name KATE RIGGS
Relator term RIGGS,KATE
245 ## - TITLE STATEMENT
Title KOALAS
942 ## - ADDED ENTRY ELEMENTS (KOHA)
Source of classification or shelving scheme
Classification part 599 RIG
Holdings
Withdrawn status Lost status Source of classification or shelving scheme Damaged status Not for loan Collection code Permanent Location Current Location Shelving location Date acquired Full call number Barcode Date last seen Price effective from Koha item type Public note
          Non-Fiction KH8 Primary School Library KH8 Primary School Library Non Fiction 2025-01-22 599 RIG 3KHPL000002137 2025-12-05 2025-01-22 Books - Non Ficton KH8 PRIMARY LIBRARY

Powered By KH8 IT Dept